NCT Members - Sudden Death - Statistics

General Stats
  • This quiz has been taken 1,453 times
    468 since last reset
  • The average score is 20 of 24
Answers on the Grid
Answers color-coded by a green-red scale on the quiz's grid according to % correct below.
Chenle
Dino
Doyoung
Eric
Eunhyuk
Haechan
Han
Haruto
Hendery
Jaehee
Jaehyun
Jaemin
Jeno
Jihoon
Jimin
Jisung
Johnny
Jungwoo
Kai
Kun
Lay
Minho
Renjun
Riku
Ryo
Sakuya
Sanha
Sion
Soul
Taehyun
Taeyong
Ten
Winwin
Wonho
Wooyoung
Xiaojun
Yangyang
Yugyeom
Yushi
Yuta
 
Answer Stats
Answer % Correct
Chenle
94%
Haechan
92%
Jaehyun
90%
Jaemin
90%
Jeno
89%
Doyoung
88%
Johnny
88%
Hendery
87%
Jisung
87%
Ten
85%
Jungwoo
84%
Renjun
84%
Taeyong
83%
Yangyang
83%
Kun
82%
Sakuya
82%
Winwin
82%
Xiaojun
82%
Yuta
81%
Riku
80%
Jaehee
79%
Ryo
79%
Sion
79%
Yushi
76%
No matching quizzes found
Score Distribution
Percent of People with Each Score
Percentile by Number Answered
Your Score History
You have not taken this quiz since the last reset